XXI International Congress : developing the profession in a developing world (Brighton, 19-25 July 1998). Commission 1 & 11 : professional standards & practice including papers from the ad hoc commission on history of surveying. (Record no. 97671)

MARC details
000 -LEADER
fixed length control field 01508cam a2200301 4500
008 - FIXED-LENGTH DATA ELEMENTS--GENERAL INFORMATION
fixed length control field 090401t1998 xxu||||| |||| 00| 0 eng d
020 ## - INTERNATIONAL STANDARD BOOK NUMBER
International Standard Book Number 0854068961
035 ## - SYSTEM CONTROL NUMBER
System control number (Sirsi) u91822
041 ## - LANGUAGE CODE
Language code of text/sound track or separate title eng
050 ## - LIBRARY OF CONGRESS CALL NUMBER
Classification number 526.9
110 ## - MAIN ENTRY--CORPORATE NAME
Corporate name or jurisdiction name as entry element Federation International Des Geometres
245 ## - TITLE STATEMENT
Title XXI International Congress : developing the profession in a developing world (Brighton, 19-25 July 1998). Commission 1 & 11 : professional standards & practice including papers from the ad hoc commission on history of surveying.
260 ## - PUBLICATION, DISTRIBUTION, ETC.
Place of publication, distribution, etc. London
Name of publisher, distributor, etc. FIG
Date of publication, distribution, etc. 1998
300 ## - PHYSICAL DESCRIPTION
Extent vii,448p. : ill. ; 21cm.
350 ## - PRICE (NR) (BK AM CF MU VM SE) [OBSOLETE]
Price 0
520 ## - SUMMARY, ETC.
Summary, etc. Papers include:- Ethics and sustainability: in search of a new paradigm for real estate professionals./ M. BENFIELD - Ethics for the global surveying community./ G.K. ALLRED - Continuing evolution of quality management./ G. SIMMONS - Insurance and the expectation gap: professional indemnity insurance for the Institution of Chartered Surveyors in the United Kingdom./ R.H. FLAXMAN - Forty years of EDM some personal reminiscences./ A.L. ALLAN - The line that divided a nation: the Mason & Dixon Line./ W.G. ROBILLARD & R.C. SHELTON.
650 ## - SUBJECT ADDED ENTRY--TOPICAL TERM
Topical term or geographic name entry element CONFERENCES
650 ## - SUBJECT ADDED ENTRY--TOPICAL TERM
Topical term or geographic name entry element CONTINUING PROFESSIONAL DEVELOPMENT
650 ## - SUBJECT ADDED ENTRY--TOPICAL TERM
Topical term or geographic name entry element PROFESSIONAL ETHICS
650 ## - SUBJECT ADDED ENTRY--TOPICAL TERM
Topical term or geographic name entry element PROFESSIONAL PRACTICE
650 ## - SUBJECT ADDED ENTRY--TOPICAL TERM
Topical term or geographic name entry element PROFESSIONAL STANDARDS
650 ## - SUBJECT ADDED ENTRY--TOPICAL TERM
Topical term or geographic name entry element QUALITY ASSURANCE
650 ## - SUBJECT ADDED ENTRY--TOPICAL TERM
Topical term or geographic name entry element REGULATION
650 ## - SUBJECT ADDED ENTRY--TOPICAL TERM
Topical term or geographic name entry element SURVEYORS
690 ## - LOCAL SUBJECT ADDED ENTRY--TOPICAL TERM (OCLC, RLIN)
Topical term or geographic name as entry element LAND SURVEYING
942 ## - ADDED ENTRY ELEMENTS (KOHA)
Suppress in OPAC 0
948 ## - LOCAL PROCESSING INFORMATION (OCLC); SERIES PART DESIGNATOR (RLIN)
c (OCLC) 05/03/1999
Holdings
Withdrawn status Lost status Source of classification or shelving scheme Damaged status Not for loan Home library Current library Shelving location Date acquired Total Checkouts Full call number Barcode Date last seen Date last checked out Copy number Price effective from Koha item type
    Dewey Decimal Classification     London London Basement 14/09/1999 3 SHELF 327 30057599 06/08/2019 05/01/2001 2 06/08/2019 Book